000 00646nam a2200205Ia 4500
001 5036
003 GE_BSU
008 181216s||||||||xx |||||||||||||| ||und||
040 _cGE_BSU
080 _a624.014
100 _aМельников,Н.П.
245 _aРазвитие металлических конструкции.
245 _cНаучный ред. В.Н.Зелятров.
260 _aМ.
260 _bСтройиздат.
260 _c1965.
300 _a280 стр. с илл. 27 см. Библиогр.:стр. 277-278.
653 _aРазвитие металлических конструкции.
942 _cBK
999 _c38723
_d38723